| Tag |
First Indicator |
Second Indicator |
Subfields |
| LEADER |
00000nmm a22000001a 4500 |
| 001 |
in00004620321 |
| 006 |
m|||||o||m|||||||| |
| 007 |
cr|cn |||uuuuu |
| 008 |
221118s2021 xxu||||do|||| ||||||eng d |
| 005 |
20221207215910.0 |
| 035 |
|
|
|a (TxWaIVM)IV82835KoSh
|
| 040 |
|
|
|a TxWaIVM
|c TxWaIVM
|
| 245 |
0 |
0 |
|a Shugo Chara! 10 /
|c powered by Library Pass.
|
| 260 |
3 |
|
|a [United States] :
|b Kodansha,
|c 2021.
|
| 300 |
|
|
|a 1 online resource.
|
| 336 |
|
|
|a text
|b txt
|2 rdacontent
|
| 337 |
|
|
|a computer
|b c
|2 rdamedia
|
| 338 |
|
|
|a online resource
|b cr
|2 rdacarrier
|
| 520 |
|
|
|a As Amu and Ikuto get to the heart of the Easter Corporation, the Embryo's true owner is found, and the egg from Ikuto's violin resurfaces! Later, as graduation approaches, relationships complicate. Who will prove the victor in this game of hearts?
|
| 521 |
|
|
|a 2
|
| 538 |
|
|
|a Requires a valid library card and registration for new users.
|
| 538 |
|
|
|a Mode of access: World Wide Web.
|
| 538 |
|
|
|a System requirements: Flash 10.1 or higher, Windows XP and higher, Internet Explorer 7 and higher, Firefox 3.6 and higher, Google Chrome; Max OS 10.5 and higher, Safari 4 and higher.
|
| 650 |
|
0 |
|a Animals
|
| 655 |
|
7 |
|a Electronic books.
|2 local
|
| 655 |
|
7 |
|a Animals
|2 gsafd
|
| 650 |
|
0 |
|a Fantasy comic books, strips, etc.
|
| 655 |
|
7 |
|a Fantasy comic books, strips, etc.
|2 gsafd
|
| 650 |
|
0 |
|a Comic books, strips, etc. --Women
|
| 655 |
|
7 |
|a Comic books, strips, etc. --Women
|2 gsafd
|
| 650 |
|
0 |
|a Comic books, strips, etc.
|
| 655 |
|
7 |
|a Comic books, strips, etc.
|2 gsafd
|
| 650 |
|
0 |
|a Romance comic books, strips, etc.
|
| 655 |
|
7 |
|a Romance comic books, strips, etc.
|2 gsafd
|
| 650 |
|
0 |
|a Comic books, strips, etc. --Students
|
| 655 |
|
7 |
|a Comic books, strips, etc. --Students
|2 gsafd
|
| 650 |
|
0 |
|a Shoujo
|
| 655 |
|
7 |
|a Shoujo
|2 gsafd
|
| 650 |
|
0 |
|a Comic books, strips, etc.
|
| 655 |
|
7 |
|a Comic books, strips, etc.
|2 gsafd
|
| 710 |
2 |
|
|a Library Pass, LLC.
|
| 856 |
4 |
0 |
|u http://proxy.library.tamu.edu/login?url=https://tamu.librarypass.com/product/com.iversecomics.kodansha.shugo.chara.10.english.07082021
|z Connect to this electronic book (First time users create your free account)
|t 0
|
| 955 |
|
|
|a Comics Plus.
|
| 999 |
f |
f |
|s 1d9c35c1-4ea0-4bd9-986e-679cbff3fae4
|i b0649825-982b-4e2b-8351-7d757f2ca723
|t 0
|
| 952 |
f |
f |
|a Texas A&M University
|b College Station
|c Electronic Resources
|d Available Online
|t 0
|h Library of Congress classification
|
| 998 |
f |
f |
|t 0
|l Available Online
|